[Event "SF Brackel 1 - SV Wattenscheid 1"]
[Site "Oberliga NRW 2021/2022"]
[Date "2022.04.10"]
[Round "8.6"]
[White "Korten, Lando"]
[Black "Hirsch, Stefan"]
[Result "1/2-1/2"]
[WhiteElo "2178"]
[BlackElo "2124"]
[Annotator "daniel"]
[PlyCount "203"]
[EventDate "2022.??.??"]
[SourceVersionDate "2020.03.16"]
[WhiteTeam "SF Brackel 1"]
[BlackTeam "SV Wattenscheid 1"]

1. d4 Nf6 2. c4 g6 3. Nc3 Bg7 4. e4 d6 5. h3 O-O 6. Be3 Nbd7 7. Nf3 e5 8. d5 a5
9. Be2 Nc5 10. Qc2 c6 11. dxc6 bxc6 12. Nxe5 Qe8 13. Bxc5 Qxe5 14. Be3 Re8 15.
Rd1 Nxe4 16. Nxe4 Bf5 17. Bd3 Bxe4 18. Bxe4 Qxe4 19. Qxe4 Rxe4 20. b3 Bc3+ 21.
Ke2 Bb4 22. Kf3 Re6 23. Rd4 a4 24. Rhd1 axb3 25. axb3 Kf8 26. Rh4 h5 27. g4
hxg4+ 28. Kxg4 Bc3 29. Kf3 Bf6 30. Rg4 Ra2 31. Rb1 Re8 32. b4 Rb8 33. b5 Ra5
34. Bd2 Ra3+ 35. Ke2 cxb5 36. Rxb5 Re8+ 37. Be3 Be5 38. Rg1 Kg7 39. Rd1 Rh8 40.
Rh1 Re8 41. Rd5 Rc3 42. Rc1 Rxc1 43. Bxc1 Kf6 44. Rd1 Kf5 45. Be3 g5 $11 46.
Kf3 f6 47. c5 dxc5 48. Bxc5 Rc8 49. Be3 Rc3 50. Kg2 Ra3 51. Rb1 Rd3 52. Rb5 Ra3
53. Bb6 Ra2 54. Bd8 Rd2 55. Be7 Ke6 56. Bc5 Rd5 57. Rb6+ Kf5 58. Bb4 Rd3 59.
Bc5 Rd2 60. Be3 Rb2 61. Rc6 Ke4 62. Ra6 Rc2 63. Ra4+ Kf5 64. Kf3 Rc3 65. Ra5
Rb3 66. Rc5 Ra3 67. Kg2 Ke4 68. Rc4+ Kf5 69. h4 gxh4 70. Rxh4 Rb3 71. Ra4 Rc3
72. Kf1 Rb3 73. Ke2 Rb2+ 74. Kd3 Rb3+ 75. Kc2 Rb2+ 76. Kc1 Rb3 77. Rh4 Ra3 78.
Kd2 Ra2+ 79. Ke1 Rb2 80. Rc4 Rb3 81. Ke2 Rb2+ 82. Bd2 Ke6 83. Kd3 Kd5 84. Ra4
Rb3+ 85. Kc2 Rb2+ 86. Kc1 Rb7 87. Be3 Rc7+ 88. Kd2 Rc4 89. Ra8 Ke4 90. Rf8 Kf3
91. Re8 Ra4 92. Kd3 Ra3+ 93. Kc4 Ke4 94. Bc5 Rc3+ 95. Kb4 Rc2 96. Kb5 Rb2+ 97.
Kc6 Rb8 98. Re7 Rc8+ 99. Kb5 Kd5 100. Rd7+ Ke6 101. Rd1 Rb8+ 102. Kc4 1/2-1/2

[Event "SF Brackel 1 - SV Wattenscheid 1"]
[Site "Oberliga NRW 2021/2022"]
[Date "2022.04.10"]
[Round "8.7"]
[White "Koerber, Matthias"]
[Black "Goldschmidt, Christian"]
[Result "0-1"]
[WhiteElo "2199"]
[BlackElo "2184"]
[PlyCount "70"]
[EventDate "2022.??.??"]
[SourceVersionDate "2020.03.16"]
[WhiteTeam "SV Wattenscheid 1"]
[BlackTeam "SF Brackel 1"]

1. d4 d5 2. c4 e6 3. Nc3 c5 4. e3 Nf6 5. Nf3 a6 6. b3 cxd4 7. exd4 Bb4 8. Bd2
Nc6 9. a3 Bxc3 10. Bxc3 Ne4 11. Bb2 Qa5+ 12. Nd2 dxc4 13. bxc4 Nc3 14. Qc2 Na4
15. Be2 Nxb2 16. Qxb2 O-O 17. O-O Rd8 18. Nb3 Qg5 19. Rad1 Rb8 20. Nc5 b6 21.
Ne4 Qf4 22. Bf3 Na5 23. Qc3 Bb7 24. Rfe1 Qc7 25. c5 Bd5 26. Rc1 Nb3 27. cxb6
Qxc3 28. Rxc3 Nxd4 29. Bd1 Rxb6 30. f3 Rb2 31. Nc5 a5 32. Nd3 Rd2 33. Nf4 g5
34. Nxd5 Rxd5 35. Rc1 Rb5 0-1

[Event "SF Brackel 1 - SV Wattenscheid 1"]
[Site "Oberliga NRW 2021/2022"]
[Date "2022.04.10"]
[Round "8.8"]
[White "Strathoff, Martin"]
[Black "Kaehmann, Joerg"]
[Result "0-1"]
[WhiteElo "2095"]
[BlackElo "2127"]
[PlyCount "90"]
[EventDate "2022.??.??"]
[SourceVersionDate "2020.03.16"]
[WhiteTeam "SF Brackel 1"]
[BlackTeam "SV Wattenscheid 1"]

1. d4 Nf6 2. c4 e6 3. Nc3 Bb4 4. f3 c5 5. a3 Bxc3+ 6. bxc3 Nc6 7. e4 d6 8. Be3
b6 9. Bd3 e5 10. Ne2 Na5 11. Nc1 Ba6 12. Nb3 Nxc4 13. Qe2 cxd4 14. cxd4 Rc8 15.
Bf2 O-O 16. dxe5 dxe5 17. Rc1 b5 18. O-O Qd6 19. Bxa7 Rfd8 20. Rfd1 Qxa3 21.
Nc5 Ra8 22. Ra1 Qc3 23. Bxc4 Rxd1+ 24. Qxd1 Qe3+ 25. Kh1 bxc4 26. Rxa6 h6 27.
Qg1 Qe2 28. Ra1 Nh5 29. Na4 Nf4 30. Re1 Qc2 31. Ra1 Rxa7 32. g3 Rxa4 33. Rxa4
Qxa4 34. gxf4 exf4 35. Qd4 Qb3 36. Kg2 Qc2+ 37. Kh3 Qd3 38. Qf2 c3 39. Kg4 c2
40. Qc5 g5 41. Qc6 Kg7 42. Kf5 Qd4 43. e5 Qd3+ 44. Kg4 Qg6 45. Qxc2 Qxc2 0-1

[Event "SV Erkenschwick 1 - Bochumer SV 1"]
[Site "Oberliga NRW 2021/2022"]
[Date "2022.04.10"]
[Round "8.1"]
[White "Zatonskih, Anna"]
[Black "Jens, Jelmer"]
[Result "0-1"]
[WhiteElo "2426"]
[BlackElo "2404"]
[Annotator "daniel"]
[PlyCount "154"]
[EventDate "2022.??.??"]
[SourceVersionDate "2020.03.16"]
[WhiteTeam "Bochumer SV 1"]
[BlackTeam "SV Erkenschwick 1"]

1. d4 f5 2. g3 Nf6 3. Bg2 g6 4. Nd2 Bg7 5. e4 d6 6. c3 Nc6 7. exf5 gxf5 8. d5
Ne5 9. Qe2 O-O 10. Nh3 c6 11. Nf4 cxd5 12. Nxd5 Nxd5 13. Bxd5+ Kh8 14. f4 Ng4
15. O-O Qb6+ 16. Kh1 $11 Ne3 17. Nc4 Qb5 18. Bxe3 Qxd5+ 19. Kg1 Bd7 20. Rfd1
Qe6 21. Na5 Qe4 22. Qd3 Qa4 23. Nb3 Bb5 24. Qc2 b6 25. Nd4 Qxc2 26. Nxc2 Bd7
$11 27. Rd2 Kg8 28. Bd4 Bh6 29. Re1 Kf7 30. Ne3 Rg8 31. Nd5 Rae8 32. Rde2 Bf8
33. c4 Rg6 34. b3 h5 35. a4 h4 36. Re3 e6 37. Nc3 hxg3 38. hxg3 Bh6 39. Ne2 $11
e5 40. Bc3 Reg8 41. Kf2 Bc6 42. Rf1 Re8 43. Ke1 Bg2 44. Rf2 Bh3 45. Rh2 Bg4 46.
Kf2 Rge6 47. Bd2 Kg6 48. Kf1 Bg7 49. Kf2 Kf7 50. fxe5 dxe5 51. Nc3 e4 52. Nd5
Rh6 53. Rxh6 Bxh6 54. Nf4 Rd8 55. Ke1 Bg7 56. Bc3 Rd1+ 57. Kf2 Bf8 58. Re1 Bc5+
59. Kf1 a5 60. Nd5 Rd3 61. Kg2 Rf3 62. b4 axb4 63. Bxb4 Bd4 64. Re2 Rb3 65. Rd2
Be5 66. a5 bxa5 67. Bxa5 Rxg3+ 68. Kf1 e3 69. Rc2 Bh3+ 70. Ke2 Bg4+ 71. Kd3 f4
72. Rh2 Bf5+ 73. Ke2 Rg1 74. Bc7 Bxc7 75. Nxc7 Bg4+ 76. Kd3 Rd1+ 77. Ke4 e2 0-1

[Event "SV Erkenschwick 1 - Bochumer SV 1"]
[Site "Oberliga NRW 2021/2022"]
[Date "2022.04.10"]
[Round "8.2"]
[White "Willemze, Thomas"]
[Black "Illner, Achim"]
[Result "1/2-1/2"]
[WhiteElo "2350"]
[BlackElo "2447"]
[PlyCount "24"]
[EventDate "2022.??.??"]
[SourceVersionDate "2020.03.16"]
[WhiteTeam "SV Erkenschwick 1"]
[BlackTeam "Bochumer SV 1"]

1. e4 c6 2. c4 d5 3. cxd5 cxd5 4. exd5 Nf6 5. Nc3 Nxd5 6. Nf3 Nc6 7. Bc4 Nb6 8.
Bb3 Bf5 9. d4 e6 10. O-O Be7 11. Be3 O-O 12. d5 Nxd5 1/2-1/2

[Event "SV Erkenschwick 1 - Bochumer SV 1"]
[Site "Oberliga NRW 2021/2022"]
[Date "2022.04.10"]
[Round "8.3"]
[White "Friedmann, Rafael"]
[Black "De Vreugt, Dennis"]
[Result "1/2-1/2"]
[WhiteElo "2382"]
[BlackElo "2326"]
[PlyCount "37"]
[EventDate "2022.??.??"]
[SourceVersionDate "2020.03.16"]
[WhiteTeam "Bochumer SV 1"]
[BlackTeam "SV Erkenschwick 1"]

1. Nf3 d5 2. g3 g6 3. Bg2 Bg7 4. d4 Nf6 5. O-O O-O 6. Nbd2 b6 7. c4 e6 8. b3
Bb7 9. Ba3 Re8 10. Rc1 Nbd7 11. e3 Rc8 12. Qc2 c5 13. Qb1 e5 14. dxe5 Nxe5 15.
Nxe5 Rxe5 16. Bb2 Rh5 17. Rcd1 Qe7 18. cxd5 Bxd5 19. Bxf6 1/2-1/2

[Event "SV Erkenschwick 1 - Bochumer SV 1"]
[Site "Oberliga NRW 2021/2022"]
[Date "2022.04.10"]
[Round "8.4"]
[White "Jonkman, Harmen"]
[Black "Schneider, Bernd"]
[Result "1-0"]
[WhiteElo "2383"]
[BlackElo "2265"]
[PlyCount "51"]
[EventDate "2022.??.??"]
[SourceVersionDate "2020.03.16"]
[WhiteTeam "SV Erkenschwick 1"]
[BlackTeam "Bochumer SV 1"]

1. e4 g6 2. d4 Bg7 3. Nf3 c6 4. Nc3 d5 5. h3 Nf6 6. e5 Ne4 7. Bd3 Nxc3 8. bxc3
c5 9. O-O Nc6 10. a4 O-O 11. Ba3 c4 12. Be2 f6 13. exf6 Bxf6 14. Qd2 Re8 15.
Rae1 Qa5 16. Ne5 Bxe5 17. dxe5 Nxe5 18. f4 Nf7 19. Bf3 e6 20. f5 gxf5 21. Bh5
e5 22. Kh1 Qc7 23. Rf3 Be6 24. Rg3+ Kh8 25. Bxf7 Qxf7 26. Bd6 1-0

[Event "SV Erkenschwick 1 - Bochumer SV 1"]
[Site "Oberliga NRW 2021/2022"]
[Date "2022.04.10"]
[Round "8.6"]
[White "Van Beek, Alexander"]
[Black "Pewny, Uwe"]
[Result "1/2-1/2"]
[WhiteElo "2297"]
[BlackElo "2182"]
[PlyCount "37"]
[EventDate "2022.??.??"]
[SourceVersionDate "2020.03.16"]
[WhiteTeam "SV Erkenschwick 1"]
[BlackTeam "Bochumer SV 1"]

1. e4 c5 2. Nf3 Nc6 3. Bb5 e6 4. Bxc6 bxc6 5. b3 d5 6. d3 Nf6 7. e5 Nd7 8. c4
Be7 9. Qe2 O-O 10. Nc3 f6 11. exf6 Bxf6 12. Bb2 Qa5 13. Qd2 Ne5 14. Nxe5 Bxe5
15. O-O Qc7 16. g3 Bxc3 17. Qxc3 d4 18. Qd2 e5 19. f3 1/2-1/2

[Event "SV Erkenschwick 1 - Bochumer SV 1"]
[Site "Oberliga NRW 2021/2022"]
[Date "2022.04.10"]
[Round "8.7"]
[White "Kraemer, Matthias"]
[Black "Eggenstein, Frank"]
[Result "1/2-1/2"]
[WhiteElo "2199"]
[BlackElo "1972"]
[PlyCount "38"]
[EventDate "2022.??.??"]
[SourceVersionDate "2020.03.16"]
[WhiteTeam "Bochumer SV 1"]
[BlackTeam "SV Erkenschwick 1"]

1. e4 d5 2. exd5 Qxd5 3. Nc3 Qa5 4. d4 Nf6 5. Bc4 Bg4 6. f3 Bd7 7. Bd2 Qb6 8.
Nge2 e6 9. a4 a5 10. O-O Be7 11. Bf4 O-O 12. Kh1 Rd8 13. Ne4 Be8 14. c3 Nd5 15.
Bd2 Nd7 16. Qb1 c5 17. Qa2 cxd4 18. Nxd4 Ne5 19. Be2 Nc6 1/2-1/2

[Event "SV Erkenschwick 1 - Bochumer SV 1"]
[Site "Oberliga NRW 2021/2022"]
[Date "2022.04.10"]
[Round "8.8"]
[White "Spriestersbach, Kai"]
[Black "Peters, Olaf"]
[Result "1-0"]
[WhiteElo "1956"]
[BlackElo "1914"]
[PlyCount "77"]
[EventDate "2022.??.??"]
[SourceVersionDate "2020.03.16"]
[WhiteTeam "SV Erkenschwick 1"]
[BlackTeam "Bochumer SV 1"]

1. e4 c5 2. Nf3 Nc6 3. d4 cxd4 4. Nxd4 e5 5. Nb5 a6 6. Nd6+ Bxd6 7. Qxd6 Qf6 8.
Qd1 Nge7 9. Nc3 Qg6 10. Be3 d5 11. exd5 Nb4 12. Rc1 Bf5 13. d6 Rd8 14. Bc5
Nxc2+ 15. Rxc2 Bxc2 16. Qf3 e4 17. Qf4 Qf5 18. Qe3 Nd5 19. Qd4 e3 20. fxe3 Nxc3
21. bxc3 O-O 22. Bc4 Rd7 23. Bd5 Re8 24. Rf1 Qd3 25. Qxd3 Bxd3 26. Rf4 Rc8 27.
Bb4 Bg6 28. c4 b6 29. Kd2 Kf8 30. e4 Ke8 31. e5 a5 32. Ba3 h6 33. Rf3 b5 34.
cxb5 Rc2+ 35. Ke3 Rd8 36. Bc6+ Rxc6 37. bxc6 Rb8 38. Kd4 Kd8 39. c7+ 1-0

[Event "SF Essen-Katernberg  1 - SC Siegburg 1"]
[Site "Oberliga NRW 2021/2022"]
[Date "2022.04.10"]
[Round "8.1"]
[White "Baklan, Vladimir"]
[Black "Siebrecht, Sebastian"]
[Result "1-0"]
[WhiteElo "2583"]
[BlackElo "2344"]
[PlyCount "69"]
[EventDate "2022.??.??"]
[SourceVersionDate "2020.03.16"]
[WhiteTeam "SC Siegburg 1"]
[BlackTeam "SF Essen-Katernberg  1"]

1. e4 c5 2. Nf3 e6 3. d4 cxd4 4. Nxd4 a6 5. Qd3 Nf6 6. Be2 d6 7. c4 Nbd7 8. Nc3
Qc7 9. Qg3 b6 10. Be3 Bb7 11. f3 Rc8 12. Rc1 Qb8 13. O-O h5 14. Rfd1 Be7 15. b3
Ba8 16. Bg5 h4 17. Qh3 Rc5 18. f4 Bxe4 19. b4 Rc8 20. Nxe4 Nxe4 21. Bxe7 Kxe7
22. Bf3 Ndf6 23. Bxe4 Nxe4 24. f5 e5 25. f6+ gxf6 26. Nf5+ Kf8 27. Qg4 Ng5 28.
Rxd6 h3 29. Rcd1 Rg8 30. Qh5 Qa8 31. R1d5 e4 32. Qh6+ Ke8 33. Qxf6 Nf3+ 34. Kf2
Rxg2+ 35. Ke3 1-0

[Event "SF Essen-Katernberg  1 - SC Siegburg 1"]
[Site "Oberliga NRW 2021/2022"]
[Date "2022.04.10"]
[Round "8.2"]
[White "Tomic, Bosko"]
[Black "Hoffmann, Michael"]
[Result "0-1"]
[WhiteElo "2382"]
[BlackElo "2430"]
[PlyCount "60"]
[EventDate "2022.??.??"]
[SourceVersionDate "2020.03.16"]
[WhiteTeam "SF Essen-Katernberg  1"]
[BlackTeam "SC Siegburg 1"]

1. e4 c6 2. d4 d5 3. Nd2 dxe4 4. Nxe4 Bf5 5. Ng3 Bg6 6. Bc4 e6 7. N1e2 Nf6 8.
h4 h6 9. Nf4 Bh7 10. Ngh5 Nxh5 11. Nxh5 Bxc2 12. Nxg7+ Bxg7 13. Qxc2 Qxd4 14.
O-O Qxh4 15. Rd1 Bd4 16. Rxd4 Qxd4 17. Bxe6 fxe6 18. Qg6+ Ke7 19. Be3 Qe5 20.
Rd1 Nd7 21. Bf4 Qxf4 22. Qg7+ Ke8 23. Qxd7+ Kf8 24. Rd3 Rg8 25. Qxb7 Re8 26.
Qxc6 Kg7 27. Rf3 Qd4 28. Qb7+ Kh8 29. Rh3 Rg6 30. Qf7 Reg8 0-1

[Event "SF Essen-Katernberg  1 - SC Siegburg 1"]
[Site "Oberliga NRW 2021/2022"]
[Date "2022.04.10"]
[Round "8.4"]
[White "Rosen, Bernd"]
[Black "Roshka, Yevgeniy"]
[Result "0-1"]
[WhiteElo "2278"]
[BlackElo "2455"]
[PlyCount "138"]
[EventDate "2022.??.??"]
[SourceVersionDate "2020.03.16"]
[WhiteTeam "SF Essen-Katernberg  1"]
[BlackTeam "SC Siegburg 1"]

1. c4 e5 2. e3 Nf6 3. d4 d6 4. dxe5 dxe5 5. Qxd8+ Kxd8 6. Nc3 c6 7. Nf3 Nbd7 8.
b3 Bb4 9. Bd2 a5 10. a3 Bd6 11. Ng5 Ke7 12. Nge4 Bc7 13. O-O-O Nxe4 14. Nxe4 f5
15. Ng3 Nc5 16. Kb2 Rd8 17. Be2 f4 18. exf4 exf4 19. Nh5 Rxd2+ 20. Rxd2 Be5+
21. Ka2 g6 22. Bf3 gxh5 23. Re1 Kf6 24. Rd8 Ne6 25. Rh8 Bc3 26. Re2 Nc7 27.
Rxh7 Na6 28. Rh6+ Kg7 29. Rxh5 Kg6 30. Rh4 Kg5 31. Rh5+ Kg6 32. Rh4 Nb4+ 33.
Kb1 a4 34. bxa4 Bf5+ 35. Be4 Bxe4+ 36. Rxe4 Nd3 37. Re6+ Kf5 38. Re2 Ne5 39.
Kc2 Bd4 40. g3 Ng6 41. Rh7 fxg3 42. fxg3 Ne5 43. Rxb7 Rxa4 44. Kb3 Ra8 45. Rd2
c5 46. Rb6 Ke4 47. Rd1 Rh8 48. a4 Ra8 49. h4 Rg8 50. a5 Rxg3+ 51. Ka4 Nxc4 52.
Re1+ Kd5 53. Rb3 Rg2 54. Kb5 Ra2 55. Ka6 Nxa5 56. Rg3 Nc6+ 57. Kb7 Ra7+ 58. Kc8
Be5 59. Rd1+ Ke4 60. Re1+ Kf4 61. Rxe5 Nxe5 62. Rc3 c4 63. h5 Rh7 64. Rh3 Kg4
65. Re3 Rxh5 66. Kc7 Kf4 67. Re1 Rh6 68. Re2 Rc6+ 69. Kb7 c3 0-1

[Event "SF Essen-Katernberg  1 - SC Siegburg 1"]
[Site "Oberliga NRW 2021/2022"]
[Date "2022.04.10"]
[Round "8.5"]
[White "Zavgorodniy, Sergiy"]
[Black "Wessendorf, Thomas"]
[Result "1-0"]
[WhiteElo "2416"]
[BlackElo "2242"]
[PlyCount "95"]
[EventDate "2022.??.??"]
[SourceVersionDate "2020.03.16"]
[WhiteTeam "SC Siegburg 1"]
[BlackTeam "SF Essen-Katernberg  1"]

1. e4 c5 2. Nf3 e6 3. c3 Nf6 4. d3 Nc6 5. g3 d5 6. e5 Nd7 7. d4 Be7 8. h4 Qc7
9. Bg5 f6 10. exf6 gxf6 11. Bh6 Nf8 12. Bh3 Rg8 13. O-O Rg6 14. Qd2 e5 15. Bxc8
Qxc8 16. Bxf8 Bxf8 17. dxe5 Qf5 18. h5 Rg4 19. Nh2 Rg5 20. Qxd5 fxe5 21. Na3
Rd8 22. Qg2 Qd3 23. Rfe1 Rxh5 24. Re3 Qg6 25. Rae1 Kf7 26. Nc4 Bg7 27. a4 Kg8
28. Nf3 e4 29. Rxe4 Rhd5 30. Nh4 Qh5 31. Qh3 Rd1 32. Qe6+ Qf7 33. Qg4 Rxe1+ 34.
Rxe1 Re8 35. Rxe8+ Qxe8 36. Nf5 Qg6 37. Qe4 Bf8 38. Kg2 Qf6 39. f4 h5 40. Nce3
Kf7 41. Qf3 Qg6 42. Nh4 Qh7 43. Nef5 Ke8 44. Qe4+ Kd7 45. Nf3 Kc7 46. Ng5 Qg8
47. Qe6 Qh8 48. Qf7+ 1-0

[Event "SF Essen-Katernberg  1 - SC Siegburg 1"]
[Site "Oberliga NRW 2021/2022"]
[Date "2022.04.10"]
[Round "8.6"]
[White "Meyer, Armin"]
[Black "Schmidt, Bodo"]
[Result "1/2-1/2"]
[WhiteElo "2250"]
[BlackElo "2241"]
[PlyCount "101"]
[EventDate "2022.??.??"]
[SourceVersionDate "2020.03.16"]
[WhiteTeam "SF Essen-Katernberg  1"]
[BlackTeam "SC Siegburg 1"]

1. c4 c6 2. g3 d5 3. Bg2 Nf6 4. Nf3 Bg4 5. Ne5 Be6 6. d4 Nbd7 7. b3 dxc4 8.
Nxc4 Bd5 9. O-O Bxg2 10. Kxg2 Nb6 11. Ne5 Qd5+ 12. Kg1 Rd8 13. Bb2 h5 14. f3
Qe6 15. e4 g6 16. Na3 Bg7 17. Qc2 Nh7 18. f4 O-O 19. Nac4 Nxc4 20. bxc4 f5 21.
d5 cxd5 22. exd5 Qa6 23. Kh1 Rf6 24. Nd3 Rc8 25. Bxf6 Rxc4 26. Qb3 Bxf6 27. Ne5
Bxe5 28. fxe5 Ng5 29. a4 b6 30. Qd3 Qc8 31. Qe3 Nf7 32. e6 Nd6 33. Rfc1 Kg7 34.
Kg1 Ne4 35. a5 b5 36. Rxc4 Qxc4 37. Qxa7 Qc3 38. Qxe7+ Kh6 39. Qa3 Qd4+ 40. Kg2
Qd2+ 41. Kg1 Qd4+ 42. Kh1 Nf2+ 43. Kg2 Ng4 44. Qc1+ g5 45. Qg1 Qxd5+ 46. Kf1
Qd3+ 47. Ke1 Qc3+ 48. Ke2 Qc2+ 49. Ke1 Qc3+ 50. Ke2 Qc2+ 51. Ke1 1/2-1/2

[Event "SF Essen-Katernberg  1 - SC Siegburg 1"]
[Site "Oberliga NRW 2021/2022"]
[Date "2022.04.10"]
[Round "8.7"]
[White "Albrecht, Oliver"]
[Black "Schimnatkowski, Lukas"]
[Result "1/2-1/2"]
[WhiteElo "2158"]
[BlackElo "2221"]
[PlyCount "148"]
[EventDate "2022.??.??"]
[SourceVersionDate "2020.03.16"]
[WhiteTeam "SC Siegburg 1"]
[BlackTeam "SF Essen-Katernberg  1"]

1. Nf3 Nf6 2. c4 c5 3. Nc3 b6 4. g3 Bb7 5. Bg2 e6 6. O-O Be7 7. d4 cxd4 8. Qxd4
Nc6 9. Qf4 d5 10. Rd1 O-O 11. e4 e5 12. Nxe5 Nxe5 13. Qxe5 Bd6 14. Qg5 Nxe4 15.
Qxd8 Rfxd8 16. Nxd5 Nc5 17. Bf4 Bxf4 18. Nxf4 Bxg2 19. Kxg2 Na4 20. b3 Nc3 21.
Rdc1 Ne4 22. Rc2 Rd4 23. f3 Nc5 24. Re1 Kf8 25. Ree2 Rad8 26. Nd5 Rd1 27. Rcd2
Ra1 28. Nb4 Rc8 29. Nd3 Nxd3 30. Rxd3 Re8 31. Rxe8+ Kxe8 32. Rd2 Ke7 33. Kf2 h5
34. f4 g6 35. Ke3 Ke6 36. Kf3 Rf1+ 37. Ke2 Ra1 38. Kd3 Kd6 39. Kc3+ Kc6 40. b4
Rc1+ 41. Kd4 Kd6 42. a3 Re1 43. Rd3 Re2 44. Rc3 Rd2+ 45. Ke4 Re2+ 46. Kf3 Rxh2
47. c5+ bxc5 48. Rxc5 h4 49. gxh4 Rh3+ 50. Kg4 Rxa3 51. Ra5 Rxa5 52. bxa5 Ke6
53. Kg5 a6 54. f5+ gxf5 55. h5 f4 56. Kxf4 Kf6 57. Kg4 Kg7 58. Kg5 f6+ 59. Kf5
Kh6 60. Kg4 f5+ 61. Kh4 f4 62. Kg4 f3 63. Kxf3 Kxh5 64. Kf4 Kg6 65. Ke5 Kf7 66.
Kd6 Kf6 67. Kc7 Ke7 68. Kc8 Ke8 69. Kb7 Kd7 70. Kxa6 Kc6 71. Ka7 Kc7 72. Ka8
Kc8 73. a6 Kc7 74. a7 Kc8 1/2-1/2

[Event "SF Essen-Katernberg  1 - SC Siegburg 1"]
[Site "Oberliga NRW 2021/2022"]
[Date "2022.04.10"]
[Round "8.8"]
[White "Bee, Marcus"]
[Black "Dzierzenga, Stefan"]
[Result "1/2-1/2"]
[WhiteElo "2190"]
[BlackElo "2116"]
[PlyCount "32"]
[EventDate "2022.??.??"]
[SourceVersionDate "2020.03.16"]
[WhiteTeam "SF Essen-Katernberg  1"]
[BlackTeam "SC Siegburg 1"]

1. Nf3 c5 2. c4 Nc6 3. g3 g6 4. Bg2 Bg7 5. Nc3 e5 6. a3 Nge7 7. b4 d6 8. Rb1
O-O 9. O-O Rb8 10. Ne1 Be6 11. Nd5 cxb4 12. axb4 b5 13. Nxe7+ Nxe7 14. cxb5
Rxb5 15. Qa4 Qb8 16. d3 a5 1/2-1/2

[Event "SV Letmathe 1 - Klub K�lner SF 1"]
[Site "Oberliga NRW 2021/2022"]
[Date "2022.04.10"]
[Round "8.1"]
[White "Strohhaeker, Raoul"]
[Black "Bosch, Jeroen"]
[Result "1/2-1/2"]
[WhiteElo "2402"]
[BlackElo "2390"]
[PlyCount "87"]
[EventDate "2022.??.??"]
[SourceVersionDate "2020.03.16"]
[BlackTeam "SV Letmathe 1"]

1. e4 e5 2. Nf3 Nc6 3. Bc4 d6 4. c3 f5 5. d3 f4 6. d4 Qf6 7. Nbd2 Nge7 8. Bb5
a6 9. Ba4 g5 10. d5 b5 11. Bc2 Nd8 12. a4 g4 13. Ng1 h5 14. axb5 Bh6 15. bxa6
O-O 16. a7 Ng6 17. c4 Nh4 18. Kf1 c5 19. Ra3 Rf7 20. Ne2 f3 21. gxf3 gxf3 22.
Ng1 Qg6 23. Ngxf3 Bh3+ 24. Ke2 Qg4 25. Rg1 Ng2 26. Kd3 Raxa7 27. Rxa7 Rxa7 28.
Kc3 Rf7 29. Ne1 Rxf2 30. Nxg2 Rxg2 31. Qxg4+ hxg4 32. Rxg2 Bxg2 33. Bd1 Bh3 34.
Nb3 Bf4 35. Bxf4 exf4 36. Nc1 g3 37. hxg3 fxg3 38. Ne2 Bg4 39. Kd2 g2 40. Ng1
Bxd1 41. Kxd1 Nb7 42. Ke2 Na5 43. Kf2 Nxc4 44. Kxg2 1/2-1/2

[Event "SV Letmathe 1 - Klub K�lner SF 1"]
[Site "Oberliga NRW 2021/2022"]
[Date "2022.04.10"]
[Round "8.2"]
[White "Soukup, Jiri"]
[Black "Morawietz, Dieter"]
[Result "1/2-1/2"]
[WhiteElo "2354"]
[BlackElo "2406"]
[PlyCount "106"]
[EventDate "2022.??.??"]
[SourceVersionDate "2020.03.16"]
[WhiteTeam "SV Letmathe 1"]
[BlackTeam "Klub K�lner SF 1"]

1. e4 e6 2. Qe2 c5 3. Nf3 Nc6 4. g3 d6 5. Bg2 Nf6 6. O-O Be7 7. c3 O-O 8. d4
cxd4 9. cxd4 d5 10. e5 Ne4 11. Nc3 Nxc3 12. bxc3 Rb8 13. Rb1 Bd7 14. c4 dxc4
15. Qxc4 Na5 16. Qd3 Bc6 17. Bd2 Bd5 18. Rfc1 Nc6 19. Rb2 Bxf3 20. Qxf3 Qxd4
21. Bc3 Qa4 22. Rd1 Rfd8 23. Rxd8+ Nxd8 24. Qd3 g6 25. h4 h5 26. Kh2 Bc5 27. f4
Qe8 28. Rd2 Rc8 29. Qd7 Qxd7 30. Rxd7 b5 31. Bd4 Bxd4 32. Rxd4 Nc6 33. Rd7 a6
34. Rd6 Nb4 35. a3 Nc2 36. Rxa6 Rc3 37. a4 bxa4 38. Rxa4 Ne3 39. Bh3 Nd5 40.
Ra2 Rb3 41. Rd2 Kf8 42. Bg2 Ne3 43. Bh3 Ke7 44. Ra2 Nd1 45. Bg2 Ne3 46. Bh3 {
( = )} Kd8 47. Ra7 Rb2+ 48. Kg1 Ke8 49. Ra3 Nd1 50. Ra8+ Ke7 51. Ra7+ Kf8 52.
Ra8+ Kg7 53. Ra7 Kf8 1/2-1/2

[Event "SV Letmathe 1 - Klub K�lner SF 1"]
[Site "Oberliga NRW 2021/2022"]
[Date "2022.04.10"]
[Round "8.3"]
[White "Helbig, Mark"]
[Black "Gruermann, Martin"]
[Result "1-0"]
[WhiteElo "2240"]
[BlackElo "2201"]
[PlyCount "99"]
[EventDate "2022.??.??"]
[SourceVersionDate "2020.03.16"]
[BlackTeam "SV Letmathe 1"]

1. d4 d5 2. c4 Nc6 3. Nf3 Bg4 4. cxd5 Bxf3 5. dxc6 Bxc6 6. Nc3 Nf6 7. f3 e5 8.
dxe5 Qxd1+ 9. Kxd1 O-O-O+ 10. Kc2 Nd7 11. e6 fxe6 12. e4 Bc5 13. Bc4 Rde8 14.
Rd1 Rhf8 15. Rb1 Ne5 16. Be2 Rd8 17. Rxd8+ Kxd8 18. b4 Bd6 19. Be3 a6 20. a4
Be8 21. b5 axb5 22. Nxb5 Bxb5 23. Rxb5 b6 24. a5 bxa5 25. Rxa5 h6 26. f4 Nc6
27. Ra8+ Ke7 28. Rxf8 Kxf8 29. e5 Be7 30. Kd3 Nb4+ 31. Ke4 Nd5 32. Bd4 Bb4 33.
Bc4 c6 34. g4 g6 35. f5 gxf5+ 36. gxf5 exf5+ 37. Kxf5 Ke7 38. h4 Ba3 39. h5 Bc1
40. Bc5+ Ke8 41. Bxd5 cxd5 42. Ke6 Bg5 43. Kxd5 Kf7 44. Bd4 Ke7 45. e6 Bd2 46.
Ke5 Bc1 47. Bc5+ Ke8 48. Kf5 Bd2 49. Bd6 Bg5 50. Bf4 1-0

[Event "SV Letmathe 1 - Klub K�lner SF 1"]
[Site "Oberliga NRW 2021/2022"]
[Date "2022.04.10"]
[Round "8.4"]
[White "Pfleger, Sascha"]
[Black "Wacker, Peter"]
[Result "0-1"]
[WhiteElo "1960"]
[BlackElo "2223"]
[PlyCount "80"]
[EventDate "2022.??.??"]
[SourceVersionDate "2020.03.16"]
[WhiteTeam "SV Letmathe 1"]
[BlackTeam "Klub K�lner SF 1"]

1. d4 Nf6 2. c4 e6 3. Nf3 d5 4. Bg5 Bb4+ 5. Nbd2 dxc4 6. Qc2 b5 7. g3 Bb7 8.
Bg2 O-O 9. O-O Nbd7 10. e4 h6 11. Bf4 Nb6 12. Be3 Rc8 13. Rad1 Qe8 14. a3 Be7
15. h3 c5 16. dxc5 Bxc5 17. Bxc5 Rxc5 18. e5 Nfd7 19. Ne4 Bxe4 20. Qxe4 Qb8 21.
Rfe1 Qc7 22. Re2 Rd5 23. Rxd5 Nxd5 24. Nd4 a6 25. Kh2 Nc5 26. Qg4 Rd8 27. f4
Ne7 28. f5 exf5 29. Nxf5 Nxf5 30. Qxf5 Qd7 31. Qf2 Qd4 32. Qf5 Qd3 33. Qf2 Ne6
34. Be4 Qd1 35. Bc2 Qc1 36. Qf5 Rd2 37. Rxd2 Qxd2+ 38. Kh1 Qc1+ 39. Kg2 Qxb2
40. Qe4 g6 0-1

[Event "SV Letmathe 1 - Klub K�lner SF 1"]
[Site "Oberliga NRW 2021/2022"]
[Date "2022.04.10"]
[Round "8.5"]
[White "Bonnmann, Reinhard"]
[Black "Hunold, Rolf"]
[Result "1-0"]
[WhiteElo "2183"]
[BlackElo "1940"]
[PlyCount "87"]
[EventDate "2022.??.??"]
[SourceVersionDate "2020.03.16"]
[WhiteTeam "Klub K�lner SF 1"]
[BlackTeam "SV Letmathe 1"]

1. d4 Nf6 2. c4 e6 3. Nf3 b6 4. g3 Bb7 5. Bg2 Bb4+ 6. Bd2 a5 7. O-O Bxd2 8.
Qxd2 d6 9. Nc3 O-O 10. Qf4 Qe7 11. e4 Nfd7 12. Rad1 Na6 13. Rfe1 Rad8 14. a3 h6
15. Qc1 Qe8 16. Qb1 e5 17. d5 Bc8 18. b4 axb4 19. axb4 g5 20. Bh3 Nf6 21. Bxc8
Rxc8 22. Nb5 Qd7 23. Kg2 Ra8 24. Rd3 Rfd8 25. Nd2 c6 26. dxc6 Qxc6 27. Nc3 Nc7
28. Rc1 Qe8 29. Nf1 b5 30. Rcd1 bxc4 31. Rxd6 Rxd6 32. Rxd6 Ne6 33. Ne3 Qf8 34.
Nf5 Kh7 35. Nd5 Ne8 36. Rd7 Rd8 37. Rxd8 Nxd8 38. Qc2 Nc6 39. Qxc4 Nd4 40. Nxd4
exd4 41. Qxd4 Qd6 42. b5 Kg6 43. b6 Ng7 44. Nf4+ 1-0